Télévision et identité nationale au Canada / Denis Monière
Descripción Física:
26 p. ; 21 cm
MARC
| LEADER | 00000nam a2200000Ia 4500 | ||
|---|---|---|---|
| 001 | 15303 | ||
| 008 | 160829s2002 xx 000 0 cat d | ||
| 080 | |a FU-36-8 | ||
| 100 | |a Monière, Denis |9 25147 | ||
| 245 | |a Télévision et identité nationale au Canada / Denis Monière | ||
| 260 | |a Barcelona : |b Institut de Ciències Polítiques i Socials, |c 2002 | ||
| 300 | |a 26 p. ; |c 21 cm | ||
| 490 | |a Working papers / Institut de Ciències Polítiques i Socials ; 197 | ||
| 590 | |a Notes. | ||
| 590 | |a Referències bibliogràfiques | ||
| 650 | |a Característiques nacionals canadenques |9 25148 | ||
| 650 | |a Nacionalisme |x Canadà |9 25149 | ||
| 650 | |a Televisió |x Aspectes socials |x Canadà |9 25150 | ||
| 710 | 2 | |a Institut de Ciències Polítiques i Socials (Barcelona, Catalunya) |9 55871 | |
| 901 | |a Arxiu | ||
| 942 | |n 1 | ||
| 952 | |0 0 |1 0 |4 0 |6 FU368 |7 1 |9 43470 |a Arxiu |b Arxiu |d 2016-12-01 |l 0 |o FU-36-8 |p 15303 |r 2016-12-01 00:00:00 |w 2016-12-01 |y ARXIU | ||
| 999 | |c 46016 |d 46016 | ||